TNA Impact Grand Champions - Statistics

General Stats
  • This quiz has been taken 74 times
  • The average score is 5 of 7
Answer Stats
Title Reigns Last Won Champion % Correct
2 2017 Moose
88%
1 2017 Ethan Carter III
86%
1 2017 Drew Galloway
84%
1 2016 Aron Rex
81%
1 2018 Austin Aries
77%
1 2017 Matt Sydal
70%
1 2018 Josh Mathews
60%
No matching quizzes found
Score Distribution
Percent of People with Each Score
Percentile by Number Answered
Your Score History
You have not taken this quiz